Mezinárodní ekonomické vztahy

Saved in:
Bibliographic Details
Main Author: Kubišta, Václav
Format: Book
Language:Czech
Published: Praha HZ Editio 1999
Subjects:
Tags: Add Tag
No Tags, Be the first to tag this record!

MARC

LEADER 00000nam a2200000 4500
001 c129702
005 20221102135224.6
020 |a 8086009-29-7 
041 0 |a cze 
044 |a CZ 
245 1 0 |a Mezinárodní ekonomické vztahy  |c Václav Kubišta 
264 1 |a Praha  |b HZ Editio  |c 1999 
300 |a 378 s. 
610 2 0 |a vzťahy hospodárske medzinárodné 
610 2 0 |a obchod medzinárodný 
610 2 0 |a politika hospodárska medzinárodná 
610 2 0 |a politika obchodná 
610 2 0 |a tovar 
610 2 0 |a služby 
610 2 0 |a vzťahy devízovo-finančné 
610 2 0 |a vzťahy peňažné medzinárodné 
610 2 0 |a bilancia platobná 
610 2 0 |a politika peňažná 
610 2 0 |a politika menová 
610 2 0 |a styk platobný medzinárodný 
610 2 0 |a konkurencia medzinárodná 
610 2 0 |a konkurencieschopnosť 
610 2 0 |a integrácia ekonomická medzinárodná 
610 2 0 |a Česko 
100 1 |a Kubišta, Václav